000 00298cam a22000977a 4500
008 180718b xxu||||| |||| 00| 0 eng d
082 _aYA084x54 In2h/68
245 _aCouncil of scientific and industrial research: handbook
260 _aDelhi
_bPublications and Information Dirctorate
_c
300 _a110+p.
999 _c499319
_d499319